| 000 | 00923cim a22003015a 4500 | ||
|---|---|---|---|
| 001 | 12642584 | ||
| 005 | 20201128013500.0 | ||
| 007 | sd|zsngnnmmned | ||
| 008 | 020112s1999 nyuuun | ||
| 010 | _a 2002559142 | ||
| 020 | _a0743209060 | ||
| 020 | _a9780743209069 | ||
| 028 | 0 | 2 |
_a0-671-04650-0 _bSimon & Schuster Audio |
| 035 | _a(DLC) 2002559142 | ||
| 035 | _a(DLC)12642584 | ||
| 040 |
_aDLC _cDLC |
||
| 050 | 0 | 0 | _aSDA 39939 |
| 082 |
_222 _a158 _bCOV |
||
| 100 | 1 |
_aCovey, Stephen R. _91038 |
|
| 245 | 1 | 0 |
_aLiving the 7 habits _bStories of Hope and Inspiration / _cStephen R. Covey. |
| 260 |
_aLondon : _bSimon & Schuster Audio, _cc1999. |
||
| 300 |
_axix, 312p. : _c24 cm. |
||
| 500 | _a"Author of the 7 habits of highly effective people."--Cover. | ||
| 650 |
_91039 _aSuccess _xPsychological aspects |
||
| 650 |
_91040 _aCharacter |
||
| 942 |
_2ddc _cBB |
||
| 999 |
_c10497 _d10497 |
||